000 00861cam a22002534a 4500
001 12747567
005 20171214080545.0
008 020419s2002 mau b 001 0 eng
010 _a 2002006202
020 _a0807041289 (cloth : alk. paper)
040 _aDLC
_cDLC
_dDLC
041 _aeng
042 _apcc
043 _an-us---
080 _a6491 RIN
082 0 0 _a6491 RIN
_221
100 1 _a46
101 _aEDU
245 1 0 _aWhat kids need :
_c[Rima Shore].
504 _aIncludes bibliographical references and index.
906 _a7
_bcbc
_corignew
_d1
_eecip
_f20
_gy-gencatlg
942 _2ddc
_cBK
999 _c38950
_d38950